00773nam a2200229Ia 4500008004100000020001800041082001700059100001900076245008300095250002200178300002800200490001500228500005200243650006200295700002000357264002800377336002700405337003300432338002800465040003500493999001500528161108s9999 xx 000 0 und d a9788492416370 a150.195 B14m aBalmary, Marie aEl monje y la psicoanalista /c Marie Balmary ; traducción de Julia Argemí aPrimera edición a179 páginas ;c 21 cm aFragmentos aTítulo original: Le moine et la psychanalyste aPsicoanalisis / Psicoanalisis Y Religion / Espiritualidad aArgemí, Julia aBarcelona :b Fragmenta atextobtxt2rdacontent asin mediaciónbn2rdamedia avolumenbnc2rdacarrier aCO-BoRNBPbspaerdacCO-BoRNBP c7456d7456